Hunger Games - Personnages de Hunger Games 1 - Statistiques

Statistiques générales
  • Ce quiz a été pris 265 fois
    42 depuis la dernière actualisation
  • Le résultat moyen est 14 sur 32
Statistiques - réponses
Édition District Réponse % Correct
Personnages principaux Femme Katniss
100%
Personnages principaux Homme Peeta
95%
Personnages secondaires Mentor Haymitch
87%
Le Capitole Président Coriolanus Snow
85%
Personnages secondaires Meilleur ami du personnage principale féminin Gale
85%
Personnages secondaires Sœur du personnage principale féminin Primrose
85%
Personnages secondaires Hôtesse Effie
77%
Tributs Femme District 11 Rue
74%
Le Capitole Styliste du personnage principale féminin Cinna
67%
Tributs Homme District 2 Cato
62%
Tributs Femme District 2 Clove
51%
Tributs Femme District 5 La renarde
49%
Le Capitole Haut-juge Seneca
49%
Tributs Homme District 11 Thresh
41%
Tributs Femme District 1 Glimmer
38%
Autres Amie du du personnage principale féminin et fille du Maire Madge
38%
Tributs Homme District 1 Marvel
38%
Autres Chat de la sœur du personnage principale féminin Buttercup
36%
Le Capitole Présentateur des Hunger Games Caesar
36%
Le Capitole Styliste du personnage principale masculin Portia
28%
Le Capitole Préparateur physique du personnage principale féminin Flavius
28%
Personnages secondaires Mère du personnage principale féminin Asterid
26%
Personnages secondaires Père du personnage principale féminin Burdock
26%
Le Capitole Préparateur physique du personnage principale féminin Octavia
23%
Autres Vendeuse de soupe à la Plaque Sae Boui-Boui
21%
Autres Mère du meilleur ami du personnage principale féminin Hazelle
18%
Le Capitole Préparateur physique du personnage principale féminin Venia
18%
Autres Amie du du personnage principale masculin Delly
15%
Autres Sœur du meilleur ami du personnage principale féminin Posy
15%
Autres Frère du meilleur ami du personnage principale féminin Vick
13%
Autres Frère du meilleur ami du personnage principale féminin Rory
10%
Le Capitole Speaker des Hunger Games Claudius
8%
Aucun quiz correspondant
Distribution des résultats
% des personnes avec chaque résultat
Percentile par nombre de réponses
Votre historique - résultats
Vous n’avez pas pris ce quiz depuis la dernière actualisation